| 000 | 00488nam a22001697a 4500 | ||
|---|---|---|---|
| 999 |
_c524424 _d524424 |
||
| 003 | NUST | ||
| 005 | 20190621051013.0 | ||
| 008 | 190621b ||||| |||| 00| 0 eng d | ||
| 038 | _aMr.Zahoor | ||
| 082 | _a621.3 | ||
| 100 |
_aSabeen Javaid _915243 |
||
| 245 |
_aA reputation based trust management system for disaster management / _cSabeen Javaid |
||
| 260 |
_aIslambad _bCSE NUST _c2013 |
||
| 300 | _a93p. | ||
| 610 | _2Computer software engineering -MS -Thesis | ||
| 942 |
_2ddc _cTHE |
||